000 01084cam a2200253 4500
001 ABS64726
008 011102n2001 000 0 eng u
035 _a(Sirsi) u115469
100 _aDewar, D
245 _a65e image needs polishing
260 _c2001
490 _aPlanning (for the Natural and Built Environment)
_v(1441) 19 October 2001, 41(1)
520 _aThe last in a series of articles examining responses to a survey on the resourcing of the planning system. The survey found that Best Value is seen as a mixed blessing with planners saying it has helped them focus on delivering services but is also timeconsuming. When asked about the state of the opinion was that planning has a very poor public image. However, despite this practioners believe planning is a worthwhile profession.
590 _aABS
650 _aBEST VALUE
650 _aPLANNING SYSTEM
650 _aRESOURCES
650 _aPLANNERS
650 _aPLANNING
650 _aSURVEY
650 _aIMAGE
690 _aMANAGEMENT-BUSINESS MANAGEMENT-PROFESSIONAL PRACTICE
942 _n0
999 _c68775
_d68775